000 00708nam a2200265Ia 4500
003 OSt
005 20221007102100.0
006 a|||||r|||| 00| 0
007 ta
008 221006b |||||||| |||| 00| 0 eng d
020 _a817534377X
024 _a9,348
037 _cTextual
040 _aLCO
_cLCO
_beng
041 _2eng
_aeng
082 _aZ2,8,11, P4
100 _aDas C.
_9704262
245 0 _aJudges and Judicial accountability
260 _aNew
_bDelhi Universal Law Pub. India
_c2003
300 _a284
650 _aJudicial Accountability
_9704263
700 _a Chandra K.
_9704264
942 _hZ2,8,11, P4
_cTEXL
999 _c1178911
_d1178911